| 000 | 00375nam a2200157Ia 4500 | ||
|---|---|---|---|
| 008 | 230524s9999 xx 000 0 und d | ||
| 082 |
_a4.5 _bCHA |
||
| 100 |
_aShirish Chavan _915328 |
||
| 245 | 0 | _aRapidex Computer Course | |
| 250 | _a4TH | ||
| 260 |
_aNEW DELHI _bPustak _c2002 |
||
| 300 | _aXVII;526 | ||
| 500 | _aQuantity Number: 1 | ||
| 650 | _aComp-Sc | ||
| 942 | _cBK | ||
| 999 |
_c22920 _d22920 |
||